000
00314nam a2200121Ia 4500
005
20251222141846.0
008
251222s9999||||xx |||||||||||||| ||spa||
082
_a
659.104/A82
100
_a
Aspillaga Pazos, Carmela
245
0
_a
Capacidad Educativa de La Publicidad
264
_b
Universidad de Piura
942
_c
LIB
999
_c
7570
_d
7570